Resumen de la historia geológica de la tierra (Record no. 29331)

MARC details
000 -LEADER
fixed length control field 00940cam a22002771 4500
001 - CONTROL NUMBER
control field gs 59000129
003 - CONTROL NUMBER IDENTIFIER
control field DLC
005 - DATE AND TIME OF LATEST TRANSACTION
control field 20260227111407.0
008 - FIXED-LENGTH DATA ELEMENTS--GENERAL INFORMATION
fixed length control field 890925s1958 sp abf 000 0 spa c
010 ## - LIBRARY OF CONGRESS CONTROL NUMBER
LC control number gs 59000129
035 ## - SYSTEM CONTROL NUMBER
System control number (OCoLC)20390586
040 ## - CATALOGING SOURCE
Original cataloging agency U.S. Geol. Survey. Libr.
Transcribing agency CU
Modifying agency CU
-- OCoLC
-- DLC
042 ## - AUTHENTICATION CODE
Authentication code premarc
050 00 - LIBRARY OF CONGRESS CALL NUMBER
Classification number QE651
Item number .A7
100 1# - MAIN ENTRY--PERSONAL NAME
Personal name Almela, Antonio.
245 10 - TITLE STATEMENT
Title Resumen de la historia geológica de la tierra
Statement of responsibility, etc. [por] Antonio Almela y Ruperto Sanz]
260 ## - PUBLICATION, DISTRIBUTION, ETC.
Place of publication, distribution, etc. Madrid,
Name of publisher, distributor, etc. Tip Lit. Coullaut,
Date of publication, distribution, etc. 1958.
300 ## - PHYSICAL DESCRIPTION
Extent 174 p.
Other physical details 81 plates, fold. maps, tables.
Dimensions 24 cm.
490 1# - SERIES STATEMENT
Series statement Memorias del Instituto Geológico y Minero de España,
Volume/sequential designation t. 59
650 #0 - SUBJECT ADDED ENTRY--TOPICAL TERM
Topical term or geographic name entry element Geology, Stratigraphic.
650 #0 - SUBJECT ADDED ENTRY--TOPICAL TERM
Topical term or geographic name entry element Geology
Geographic subdivision Spain.
650 #0 - SUBJECT ADDED ENTRY--TOPICAL TERM
Topical term or geographic name entry element Paleontology.
650 #0 - SUBJECT ADDED ENTRY--TOPICAL TERM
Topical term or geographic name entry element Paleontology
Geographic subdivision Spain.
700 1# - ADDED ENTRY--PERSONAL NAME
Personal name Sanz, Ruperto,
Relator term joint author.
810 2# - SERIES ADDED ENTRY--CORPORATE NAME
Corporate name or jurisdiction name as entry element Instituto Geológico y Minero de España.
Title of a work Memorias ;
Volume/sequential designation t. 59.

No items available.

Powered by Koha